[Event "Fortaleza Alves Memorial 19th"]
[Site "Fortaleza"]
[Date "2014.05.18"]
[Round "5"]
[White "Lucena, Helianto dos Santos"]
[Black "Da Silva, Jose Vilaci Gomes"]
[Result "1/2-1/2"]
[WhiteElo "1876"]
[BlackElo "1825"]
[PlyCount "32"]
[EventDate "2014.05.16"]
[EventType "swiss"]
[EventRounds "6"]
[EventCountry "BRA"]
[SourceTitle "CBM 160 Extra"]
[Source "ChessBase"]
[SourceDate "2014.07.01"]
[SourceVersion "1"]
[SourceVersionDate "2014.07.01"]
[SourceQuality "1"]

1. d4 Nf6 2. e3 g6 3. Nf3 c5 4. Be2 Bg7 5. 0-0 0-0 6. Nc3 b6 7. d5 d6 8. e4 Na6 9. a3 Nc7 10. Bg5 b5 11. Bxf6 Bxf6 12. Rb1 Rb8 13. Qd2 Bg4 14. h3 Bxf3 15. Bxf3 Na8 16. Na2 Nc7 1/2-1/2